Les Pokémon de la 2G dans l'ordre alphabétique - Statistiques

Statistiques générales
  • Ce quiz a été pris 194 fois
  • Le résultat moyen est 82 sur 100
Statistiques - réponses
Type de quiz Réponse % Correct
Acier/Vol Airmure
99%
Eau Aligatueur
93%
Eau/Fée Azumarill
92%
Eau/Sol Axoloto
91%
Combat Debugant
91%
Ténèbres/Feu Démolosse
90%
Plante/Vol Cotovol
89%
Ténèbres/Glace Farfuret
89%
Insecte/Acier Cizayox
88%
Ténèbres/Vol Cornèbre
88%
Insecte/Vol Coxy
88%
Insecte/Vol Coxyclaque
88%
Eau/Vol Démanta
88%
Feu Feurisson
88%
Roche/Sol Embrylex
87%
Plante/Vol Granivol
87%
Feu Héricendre
87%
Feu/Vol Ho-Oh
87%
Eau/Dragon Hyporoi
87%
Psy/Plante Celebi
85%
Glace/Sol Cochignon
85%
Eau Crocrodil
85%
Normal/Vol Hoothoot
85%
Eau/Electrik Lanturn
85%
Glace/Psy Lippouti
85%
Eau/Electrik Loupio
85%
Glace/Sol Marcacrin
85%
Eau/Poison Qwilfish
85%
Roche/Ténèbres Tyranocif
85%
Roche/Sol Ymphect
85%
Glace/Vol Cadoizo
84%
Insecte/Roche Caratroc
84%
Normal Cerfrousse
84%
Electrik Elekid
84%
Feu Entei
84%
Spectre Feuforêve
84%
Plante/Vol Floravol
84%
Normal Fouinar
84%
Normal Fouinette
84%
Combat Kapoera
84%
Psy/Vol Lugia
84%
Plante Macronium
84%
Ténèbres/Feu Malosse
84%
Plante Méganium
84%
Insecte/Poison Migalos
84%
Insecte/Poison Mimigal
84%
Normal/Vol Noarfang
84%
Normal Ecrémeuh
83%
Eau Kaiminus
83%
Electrik Lainergie
83%
Feu Limagma
83%
Psy Mentali
83%
Ténèbres Noctali
83%
Electrik Pharamp
83%
Insecte/Combat Scarhino
83%
Fée Togepi
83%
Feu Typhlosion
83%
Sol Donphan
82%
Insecte/Acier Foretress
82%
Plante Germignon
82%
Eau/Sol Maraiste
82%
Eau/Fée Marill
82%
Acier/Sol Steelix
82%
Fée/Vol Togetic
82%
Feu/Roche Volcaropod
82%
Psy/Vol Xatu
82%
Normal/Psy Girafarig
81%
Fée Granbull
81%
Plante Héliatronc
81%
Psy/Vol Natu
81%
Sol/Vol Scorplane
81%
Psy Zarbi
81%
Eau/Roche Corayon
80%
Feu Magby
80%
Fée Mélo
80%
Poison/Vol Nostenfer
80%
Sol Phanpy
80%
Eau/Psy Roigada
80%
Insecte/Vol Yanma
80%
Eau Octillery
79%
Electrik Wattouat
79%
Electrik Raikou
78%
Eau Rémoraid
78%
Eau Suicune
78%
Normal/Fée Toudoudou
78%
Electrik Pichu
76%
Psy Qulbutoké
76%
Fée Snubbull
76%
Eau Tarpaud
75%
Normal Insolourdo
74%
Plante Joliflor
74%
Normal Leuphorie
74%
Insecte Pomdepik
74%
Roche Simularbre
74%
Plante Tournegrin
74%
Normal Ursaring
73%
Normal Capumain
72%
Normal Teddiursa
72%
Normal Queulorior
70%
Normal Porygon2
62%
Aucun quiz correspondant
Distribution des résultats
% des personnes avec chaque résultat
Percentile par nombre de réponses
Votre historique - résultats
Vous n’avez pas pris ce quiz